Las ciudades

محفوظ في:
التفاصيل البيبلوغرافية
المؤلف الرئيسي: Baroja, Pío
التنسيق: كتاب
اللغة:Undetermined
منشور في: Madrid, España Alianza 1967
الموضوعات:
الوسوم: إضافة وسم
لا توجد وسوم, كن أول من يضع وسما على هذه التسجيلة!

MARC

LEADER 00000nam a2200000Ia 4500
008 170316s9999 xx 000 0 und d
040 |a cru BVZT 
090 |a 862 B-6cu 
100 |a Baroja, Pío 
245 |a Las ciudades 
260 |a Madrid, España 
260 |b Alianza 
260 |c 1967 
300 |a 718 páginas 
650 |a LITERATURA ESPAÑOLA 
999 |c 9559  |d 9559 
942 |c 15 D  |h 862 B-6cu  |2 z